[Event "Colonia Camara Gastronomica"]
[Site "Colonia"]
[Date "2011.05.02"]
[Round "2"]
[White "Magallan, Gaston"]
[Black "Soto, Nicolas"]
[Result "1/2-1/2"]
[WhiteElo "2012"]
[BlackElo "2036"]
[PlyCount "75"]
[EventDate "2011.05.01"]
[EventType "tourn"]
[EventRounds "9"]
[EventCountry "URU"]
[SourceTitle "EXT 2024"]
[Source "ChessBase"]
[SourceDate "2023.10.10"]
[SourceVersion "1"]
[SourceVersionDate "2023.10.10"]
[SourceQuality "1"]

1. e4 c5 2. Nf3 Nc6 3. d4 cxd4 4. Nxd4 Nf6 5. Nc3 e5 6. Ndb5 d6 7. Bg5 a6 8. Na3 b5 9. Nd5 Be7 10. Bxf6 Bxf6 11. c3 Bg5 12. Nc2 0-0 13. a4 bxa4 14. Rxa4 a5 15. Bc4 Bb7 16. Qd3 Nb8 17. 0-0 Nd7 18. b4 axb4 19. Rxa8 Bxa8 20. cxb4 Bxd5 21. Bxd5 Qb6 22. Ra1 Rc8 23. g3 Qc7 24. Na3 Qb6 25. Nb5 Rc1+ 26. Rxc1 Bxc1 27. Nxd6 Qxb4 28. Nxf7 Kf8 29. Be6 Qd4 30. Nxe5 Nxe5 31. Qe2 Ke7 32. Bd5 Ba3 33. Qa6 Qd1+ 34. Kg2 Qf3+ 35. Kf1 Qd1+ 36. Kg2 Qf3+ 37. Kf1 Qd1+ 38. Kg2 1/2-1/2

[Event "Colonia Camara Gastronomica"]
[Site "Colonia"]
[Date "2011.05.01"]
[Round "1"]
[White "Chang, Suzana"]
[Black "Magallan, Gaston"]
[Result "0-1"]
[WhiteElo "2014"]
[BlackElo "2012"]
[PlyCount "176"]
[EventDate "2011.05.01"]
[EventType "tourn"]
[EventRounds "9"]
[EventCountry "URU"]
[SourceTitle "EXT 2024"]
[Source "ChessBase"]
[SourceDate "2023.10.10"]
[SourceVersion "1"]
[SourceVersionDate "2023.10.10"]
[SourceQuality "1"]

1. d4 f5 2. g3 Nf6 3. Bg2 g6 4. Nf3 Bg7 5. 0-0 0-0 6. b3 d6 7. Bb2 Qe8 8. c4 Na6 9. d5 Rb8 10. Nc3 Bd7 11. Nd4 c6 12. Rc1 Nc7 13. Ba3 c5 14. Nf3 b5 15. cxb5 Nxb5 16. Nxb5 Rxb5 17. Nd2 Bh6 18. e3 Ng4 19. Nc4 g5 20. f3 Nf6 21. f4 g4 22. Bb2 Bg7 23. Re1 Ne4 24. Bxg7 Kxg7 25. Qc2 Qg6 26. Nd2 Nxd2 27. Qxd2 Rfb8 28. e4 R8b7 29. e5 Kf8 30. Qc3 Rb4 31. exd6 exd6 32. Qh8+ Kf7 33. Re3 Rb8 34. Qc3 Qf6 35. Qxf6+ Kxf6 36. Rce1 Rd8 37. Re7 Kg6 38. Bf1 a5 39. R1e3 Re4 40. R3xe4 fxe4 41. Rxe4 Kf6 42. Bc4 h5 43. Kg2 Rh8 44. Re3 h4 45. Be2 h3+ 46. Kf2 Rb8 47. a3 Rb6 48. Ke1 a4 49. Bd1 axb3 50. Rxb3 Ra6 51. Re3 Ra8 52. Kd2 Bf5 53. a4 Bd7 54. Ra3 Ra5 55. Kc3 Bc8 56. Bb3 Bf5 57. Ra2 Bd7 58. Ra1 Kf5 59. Bc2+ Kf6 60. Bb3 Kf5 61. Re1 Kf6 62. Re2 Ra6 63. Ra2 Ra5 64. Bd1 Kf5 65. Bc2+ Kf6 66. Rb2 Ra6 67. Bd1 Kf5 68. Bc2+ Kf6 69. Ra2 Ra5 70. Kb3 Bc8 71. Bd3 Bd7 72. Ra1 Kf7 73. Be2 Kf6 74. Bd3 Kf7 75. Bc2 Bc8 76. Kc4 Ba6+ 77. Kc3 Bc8 78. Rb1 Bd7 79. Rb7 Ke8 80. Rb8+ Ke7 81. Rb7 Kd8 82. Rb8+ Kc7 83. Rg8 Bxa4 84. Bf5 Bd1 85. Bxg4 Bxg4 86. Rxg4 Ra2 87. Rh4 Rxh2 88. f5 Rh1 0-1